|
|
|
|
| LEADER |
00710nab a2200193 i 4500 |
| 001 |
acta33240 |
| 005 |
20231009103215.0 |
| 008 |
161017s1934 hu o 0|| hun d |
| 040 |
|
|
|a SZTE Egyetemi Kiadványok Repozitórium
|b hun
|
| 041 |
|
|
|a hun
|
| 100 |
1 |
|
|a Jármai Vilmos
|
| 245 |
1 |
2 |
|a A szókincs kérdése a polgári iskolai német nyelvtanításban
|h [elektronikus dokumentum] /
|c Jármai Vilmos
|
| 260 |
|
|
|c 1934
|
| 300 |
|
|
|a 230-235
|
| 490 |
0 |
|
|a A cselekvés iskolája
|v 1-2
|
| 650 |
|
4 |
|a Társadalomtudományok
|
| 650 |
|
4 |
|a Oktatástudomány
|
| 695 |
|
|
|a Német nyelv tanítása módszer, Német nyelv szókincs
|
| 856 |
4 |
0 |
|u http://acta.bibl.u-szeged.hu/33240/1/cselekves_001_002_230-235.pdf
|z Dokumentum-elérés
|